Faculty of Law Library — Cairo University

Official Online Catalog

العمليات الحربية في شمال أفريقيا في الحرب العالمية الثانية/ (Record no. 37293)

MARC details
000 -LEADER
fixed length control field 01146nam a2200289 i 4500
003 - CONTROL NUMBER IDENTIFIER
control field EG-GICUC
005 - DATE AND TIME OF LATEST TRANSACTION
control field 20260121101040.0
008 - FIXED-LENGTH DATA ELEMENTS--GENERAL INFORMATION
fixed length control field 251025s1958 ua ||||fr|||| 000 0 ara d
040 ## - CATALOGING SOURCE
Original cataloging agency EG-GICUC
Language of cataloging ara
Transcribing agency EG-GICUC
Modifying agency EG-GICUC
Description conventions rda
041 0# - LANGUAGE CODE
Language code of text/sound track or separate title ara
082 04 - DEWEY DECIMAL CLASSIFICATION NUMBER
Edition number 21
Classification number 341.6
Item number و ز . ع
092 04 - LOCALLY ASSIGNED DEWEY CALL NUMBER (OCLC)
Edition number 21
099 ## - LOCAL FREE-TEXT CALL NUMBER (OCLC)
Classification number Law1 11 341.6 و ز . ع 1958
110 ## - MAIN ENTRY--CORPORATE NAME
Corporate name or jurisdiction name as entry element وزارة الحربية
Subordinate unit الجيش المصري
Relator term مؤلف.
245 ## - TITLE STATEMENT
Title العمليات الحربية في شمال أفريقيا في الحرب العالمية الثانية/
Statement of responsibility, etc. وزارة الحربية.
264 #1 - PRODUCTION, PUBLICATION, DISTRIBUTION, MANUFACTURE, AND COPYRIGHT NOTICE
Place of production, publication, distribution, manufacture القاهرة:
Name of producer, publisher, distributor, manufacturer مطبعة القوات المسلحة,
Date of production, publication, distribution, manufacture, or copyright notice 1958.
300 ## - PHYSICAL DESCRIPTION
Extent ؛203 صفحة
Dimensions 24 سم
336 ## - CONTENT TYPE
Source rda content
Content type term text
337 ## - MEDIA TYPE
Source rda media
Media type term Computer
338 ## - CARRIER TYPE
Source rda carrier
Carrier type term Online Resource
546 ## - LANGUAGE NOTE
Language note النص أغلبه باللغة العربية مع بعض النصوص الإنجليزية
650 14 - SUBJECT ADDED ENTRY--TOPICAL TERM
Topical term or geographic name entry element القانون الدولي العام
650 14 - SUBJECT ADDED ENTRY--TOPICAL TERM
Topical term or geographic name entry element القانون الحربي
856 40 - ELECTRONIC LOCATION AND ACCESS
Uniform Resource Identifier <a href="https://fll.law.cu.edu.eg/fulltext/bks/B11-06466.pdf">https://fll.law.cu.edu.eg/fulltext/bks/B11-06466.pdf</a>
905 ## - Cataloger and Reviser Names
Cataloger Name:
942 ## - ADDED ENTRY ELEMENTS (KOHA)
Source of classification or shelving scheme Dewey Decimal Classification
Koha item type Books
Edition 21
Suppress in OPAC No
Holdings
Withdrawn status Lost status Source of classification or shelving scheme Damaged status Not for loan Collection Home library Current library Date acquired Total checkouts Full call number Barcode Date last seen Copy number Price effective from Koha item type
    Dewey Decimal Classification   Not for loan القانون الدولي العام جــــامعة القــاهرة مكتبة كلية الحقوق - المبنى الرئيسي 25.10.2025   Law1 11 341.6 و ز . ع 1106466 1958 C1 B11-06466 25.10.2025 1 25.10.2025 Books

© All rights reserved — Faculty of Law, Cairo University